000 00299nam a2200109 4500
008 180217b xxu||||| |||| 00| 0 eng d
245 _aThe Mosquito menace in the Philippines.
260 _aPhilippines
_bManila Bulletin
_cc2016
300 _apage B-10.
650 0 _926604
_aDiseases.
942 _2ddc
_cPER
999 _c8715
_d8715